Como deuses entre os homens (Registo nº 73910)

Detalhes MARC
000 -Etiqueta do registo
campo de controlo de comprimento fixo 00896nam a2200289 4500
001 - Identificador do registo
Campo de controlo 73910
005 - Identificador da versão
Campo de controlo 20260408111226.0
010 ## - ISBN
Número (ISBN) 9789724428437
021 ## - Nº depósito legal
Código do país Portugal
Número 542848/25
100 ## - Dados Gerais de Proc.
Dados gerais de processamento 20250509d2025 m y0pory50030103ba
101 1# - Língua da publicação
Língua do texto, banda sonora, etc. Português
Língua do documento no original Inglês
102 ## - País de Publicação
País de publicação Portugal
105 ## - Dados Codif. Livros
Dados codificados dos livros y z 001yy
106 ## - Atributos Físicos
Dados codificados do material textual r
200 1# - Título
Título próprio Como deuses entre os homens
Informação de outro título uma história dos ricos no Ocidente
Primeira menção de responsabilidade Guido Alfani
Outras menções de responsabilidade trad. Pedro Elói Duarte
210 #9 - Publicação, Distribuição
Lugar da edição, distribuição, etc. Coimbra
Nome do editor, distribuidor, etc. Edições 70
Data da publicação, distribuição, etc. 2025
215 ## - Descrição física
Descrição física 496 p.
225 2# - Colecção
Título próprio da colecção História narrativa
Indicação de volume 84
304 ## - Título e responsabilidade
Texto da nota Tít. orig.: As Gods among men : a history of the rich in the West
675 ## - CDU
Notação 330.56-058.3(4+7)(091)
Edição BN
Língua da edição Português
675 ## - CDU
Notação 316.343-058.3(4+7)(091)
Edição BN
Língua da edição Português
675 ## - CDU
Notação 330.14-058.3(4+7)(091)
Edição BN
Língua da edição Português
700 #1 - Responsabilidade principal
Palavra de ordem Alfani
Outra parte do nome Guido
Datas 1976-
Koha Internal Code 54167
702 ## - Responsabilidade secundária
Palavra de ordem Duarte
Outra parte do nome Pedro Elói
Código de função Tradutor
Koha Internal Code 17828
801 #0 - Fonte de origem
País Portugal
Agência BN
Regras de catalogação RPC
090 ## - Números de controlo do sistema (Koha)
Número biblioitem do Koha (gerado automaticamente) 73910
942 ## - Elementos de entrada adicionados (Koha)
Tipo de item no Koha Monografias
Exemplares
Removido (estado) Perdido (estado) Data de aquisição Origem do registo (biblioteca) (codificado) Código da organização que empresta ou é detentora (biblioteca) Código de barras Local Número de inventário Cota Data de empréstimo ou depósito Tipo de circulação (não pode ser emprestado) Preço Tipo de item e material
Disponível Disponível 2026-01-14 Biblioteca Municipal Álvaro de Campos Biblioteca Municipal Álvaro de Campos BMTAV72981 Depósito 72981 FB7 ALF 2026-05-11 Normal 37.90 Monografias